Udalosti po dni vykazovania v kontexte IPSAS
Zverejňovanie udalostí po dni vykazovania patrí k aktuálnym problémom účtovníctva verejného sektora. Postupy, ktoré subjekt verejného sektora použije pri určení, kedy by mala účtovná jednotka upraviť účtovnú závierku z dôvodu udalostí po dni vykazovania. Základné propblémy stanovenia týchto postupov...
Guardado en:
| Autor principal: | |
|---|---|
| Formato: | Capítulo de libro |
| Lenguaje: | eslovaco |
| Materias: | |
| Etiquetas: |
Sin Etiquetas, Sea el primero en etiquetar este registro!
|
MARC
| LEADER | 00000naa$a2200000$$$4500 | ||
|---|---|---|---|
| 001 | 0064087 | ||
| 005 | 20240502071741.1 | ||
| 041 | 0 | |a slo | |
| 044 | |a SK | ||
| 245 | 1 | 0 | |a Udalosti po dni vykazovania v kontexte IPSAS |c Antónia Kovalčíková |
| 520 | |a Zverejňovanie udalostí po dni vykazovania patrí k aktuálnym problémom účtovníctva verejného sektora. Postupy, ktoré subjekt verejného sektora použije pri určení, kedy by mala účtovná jednotka upraviť účtovnú závierku z dôvodu udalostí po dni vykazovania. Základné propblémy stanovenia týchto postupov sú riešené v Medzinárodnom účtovnom štandarde pre verejný sektor IPSAS 14. Štandard špecifikuje požadované zverejnenia o dátume, kedy bola účtovná závierka schválená na zverejnenie a o udalostiach po dni vykazovania. | ||
| 610 | 2 | 0 | |a účtovníctvo |
| 610 | 2 | 0 | |a štandardy účtovné medzinárodné |
| 610 | 2 | 0 | |a výkazy finančné |
| 610 | 2 | 0 | |a závierka účtovná |
| 610 | 2 | 0 | |a jednotka účtovná |
| 610 | 2 | 0 | |a informácie |
| 610 | 2 | 0 | |a oceňovanie |
| 610 | 2 | 0 | |a sektor verejný |
| 100 | 1 | |a Kovalčíková, Antónia | |